1946 1851 1872 1874 1963 1042 1651 1015 1557 1485 1495 1419 1914 1311 1780 1966 1550 1955 1725 1311 1957 1683 1174 1278 1637 1670 1833 1691 1015 1030 1389 1520 1812 1362 1302 1225 1026 1867 1606 1934 1909 1375 1693 1488 1067 1504 1515 1396 1498 1864 1432 1059 1997 1659 1072 1846 1195 1722 1286 1598 1729 1810 1126 1571 1965 1425 1524 1855 1412 1123 1106 1464 1190 1190 1397 1830 1890 1370 1845 1641 1375 1206 1551 1419 1575 1446 1511 1983 1097 1177 1961 1620 1646 1867 1931 1301 1574 1204 1568 BCNSPRNW ULIB Ver.6.0+V

เปลี่ยนเป็นภาษาไทย

Change to English
 แสดงรายละเอียดบรรณานุกรม
  กลับหน้าหลัก

Brief Record : Get Marc (ISO 2709) : E-mail record : QR code < ปิดหน้าต่าง
LEADER : 00000nas 2200000uu 4500
001    13399125081
003     ULIB
008    160620s2559||||th 000 0 tha d
022    ^a01257477
110    ^aกรtทรวงสาธารณสุข^bกรมควบคุมโรค^bสำนักระบาดวิทยา^c
245    ^aรายงานการเฝ้าระวังทางระบาดวิทยาประจำสัปดาห์(วิทยาเขตนครสวรรค์)/^cสำนักระบาดวิทยา
260    ^aนนทบุรี :^bสำนักระบาดวิทยา,^cม.ป.ป.
310    ^aรายปี
850 ^a ULIB^bปีที่ 47 ฉบับที่ ฉบับพิเศษ ฉ.1 ;ปีที่ 45 ฉบับที่ ฉบับพิเศษ ฉ.1
945    ^p0^l0^i903865
945    ^p0^l0^i903866
999    ^aเกษร โพธิ์สุวรรณ
รายการนี้ยังไม่มีแท็ก
คุณยังไม่ได้ล็อกอิน คุณสามารถมีกิจกรรมร่วมกับเว็บไซต์ได้ แต่ต้องล็อกอินก่อน ::
  ล็อกอิน

รายการสื่อสารสนเทศ (วารสาร)

ดูแบบ: กล่อง รายการ
ARRIVED
ปีที่ 45 ฉบับที่ ฉบับพิเศษ ฉ.1
สถานที่: ห้องสมุดวิทยาเขตสวรรค์ประชารักษ์ >วารสาร
ARRIVED
ปีที่ 47 ฉบับที่ ฉบับพิเศษ ฉ.1
สถานที่: ห้องสมุดวิทยาเขตสวรรค์ประชารักษ์ >วารสาร

BibComment


ยังไม่เคยถูกคอมเมนท์

คอมเมนท์ทรัพยากรรายการนี้
  คอมเมนท์: รายงานการเฝ้าระว..


 Copyright 2026. Bcnsprnw @Library